| 000 | 01284cad a2200337 4500 | ||
|---|---|---|---|
| 001 | L152609 | ||
| 008 | 101126n2009 000 0 eng u | ||
| 020 | _a9781444309454 | ||
| 035 | _a(Sirsi) u152609 | ||
| 041 | _aeng | ||
| 050 |
_a690.072 _c18 |
||
| 100 | _aFellows, Richard F. | ||
| 245 |
_aResearch methods for construction _h[electronic resource] |
||
| 250 | _a3rd ed. | ||
| 260 |
_aOxford _bWiley-Blackwell _c2009 |
||
| 300 | _aeBook | ||
| 520 | _aProvides guidance on research methodologies and methods with particular attention to applications in construction. Comprises three main sections: producing a proposal, executing the research and reporting the results. Discusses the main issues in research and examines the primary approaches - both qualitative and quantitative. | ||
| 650 | _aCONSTRUCTION INDUSTRY | ||
| 650 | 2 | 4 | _aEBOOK |
| 650 | _aCONSTRUCTION RESEARCH | ||
| 650 | _aDATA ANALYSIS | ||
| 650 | _aDATA COLLECTION | ||
| 650 | _aRESEARCH METHODS | ||
| 650 | _aQUANTITATIVE RESEARCH | ||
| 650 | _aQUALITATIVE RESEARCH | ||
| 651 | 4 | _aENGLAND AND WALES | |
| 690 | _aBUILT ENVIRONMENT | ||
| 700 |
_aLiu, Anita _eEditor |
||
| 856 | 4 | 0 |
_uhttps://www.vlebooks.com/ _zView on VLEbooks. Logins for members only from [email protected] |
| 942 | _n0 | ||
| 999 |
_c112137 _d112137 |
||